000 00834nmm a2200313 a 4500
003 AR-BaBNM
005 20251128210149.0
008 109019s1998 ||||||||||||||000 | spa||
020 _a950-515-675-8
040 _cAR-BaBNM
100 0 _aQuino
245 1 0 _a10 años con Mafalda
246 1 _aDiez años de Mafalda
250 _a10ª ed.
260 _aBuenos Aires
_bEdiciones de la Flor
_c1998
300 0 _a190 p.
_bil.
500 0 _aQuino es el seudónimo de Joaquín Salvador Lavado
650 4 _aLITERATURA ARGENTINA
650 4 _aHUMOR
650 4 _aPUBLICACIONES PERIODICAS POPULARES
650 4 _aLITERATURA POPULAR
650 4 _aENTREVISTAS
653 _aHISTORIETAS
653 _aCRITICA SOCIAL
655 _aLITERATURA
700 1 _aBraceli, Rodolfo
_eprologuista
942 _cBK
998 _cMARTIN
999 _c14323
_d14323